Statistics for The office who said it

Click here to take the quiz!

General Stats

  • This quiz has been taken 56 times
  • The average score is 13 of 19

Answer Stats

HintAnswer% Correct
I DECLARE BANKRUPTCYMicheal
98%
I am faster then 80% of all snakesDwight
90%
The worst thing about prison was the dementorsMicheal
90%
I’ve been involved in a number of cults both as a leader and a follower you have more fun as a follower but make more money as a leaderCreed
88%
The eyes are the groin of the faceDwight
88%
It’s like I used to tell my wife I do not apologize unless I think I’m wrong and if you don’t like it you can leave and I say the same thing to my current wife and I’ll say it to the next one tooStanley
88%
I talk a lot so I’ve learned to tune myself outKelly
84%
Whenever I’m about to do something I think would a idiot do that and if they would I do not do that thingDwight
80%
I don’t care what they say about me I just wanna eat which I realize is a lot to ask for at a dinner partyPam
80%
Sorry I annoyed you with my friendshipAndy
78%
And I knew exactly what to do but in a much more real sense I had no idea what to doMicheal
67%
The problem is whenever I try to make a taco I get to excited and crush itKevin
61%
I just want to lie on the beach and eat hot dogs that’s all I’ve ever wantedKevin
59%
I have this thing about men cutting or threatening to cut my throat don’t cut my throatMeredith
59%
I’m glad Michaels getting help he has a lot of issues and he’s stupidPhyllis
57%
This is the smallest amount of power I’ve ever seen go to someone’s headJim
55%
I consider myself a good person but I’m going to make him cryOscar
51%
I would like another alcoholErin
33%
Bippity bobbity give me the zoppityDaryll
16%

Score Distribution

Percentile by Number Answered

Percent of People with Each Score

Your Score History

You have not taken this quiz